000 00824mam a2200277 4500
001 2258044
003 ARRUPE
005 20150416141430.0
008 721031s1972 nyua 001 0beng
010 _a 70186740
020 _a0670111813
_c$8.95
035 _a(OCoLC)507877
035 _a(OCoLC)ocm00507877
035 _a(NNC)2258044
040 _cArrupe
050 0 _aQC16.E5
_bH64 1972
082 0 0 _a530/.092/4
_aB
100 1 _aHoffmann, Banesh,
_d1906-
_917129
245 0 0 _aAlbert Einstein, creator and rebel
_c[by] Banesh Hoffmann with the collaboration of Helen Dukas.
260 _aNew York,
_bViking Press
_c[1972]
300 _axv, 272 p.
_billus.
_c25 cm.
600 1 0 _aEinstein, Albert,
_d1879-1955.
_914165
700 1 _aDukas, Helen,
_eauthor.
_917128
942 _2lcc
_cMONOGRAPH
999 _c122681
_d122681